[Event "ODJM A 2017"]
[Site "Willingen GER"]
[Date "2017.06.04"]
[Round "2"]
[White "Hungeling, David"]
[Black "Meijerink, Inken"]
[Result "0-1"]
[Termination "normal"]
[Board "73"]
[WhiteElo "1482"]
[BlackElo "1532"]
[PlyCount "114"]
[WhiteFideId "16222440"]
[BlackFideId "16225465"]
[EventCountry "GER"]
[EventRounds "9"]
[EventType "swiss"]
[EventDate "2017.06.03"]

1. e4 c5 2. Nf3 Nc6 3. Bb5 g6 4. c4 Bg7 5. Bxc6 bxc6 6. d4 cxd4 7. Nxd4 Ba6 8.
Qd3 Rb8 9. Nc3 Nf6 10. b3 Qb6 11. Be3 Qb7 12. O-O O-O 13. h3 d5 14. exd5 cxd5
15. Rab1 e5 16. Nc2 d4 17. b4 dxe3 18. b5 exf2+ 19. Rxf2 e4 20. Qe3 Qc7 21.
bxa6 Rxb1+ 22. Nxb1 Qxc4 23. Qxa7 Qxa2 24. Qb7 Qd5 25. Ne3 Qxb7 26. axb7 Rb8
27. Rb2 Nd5 28. Rc2 Rxb7 29. Rc8+ Bf8 30. Nxd5 Rxb1+ 31. Kf2 Kg7 32. Ke3 Rb2
33. Nf4 Bd6 34. Re8 Rb3+ 35. Kxe4 Rb4+ 36. Kd5 Bxf4 37. Re4 Rxe4 38. Kxe4 Bc7
39. Kf3 h5 40. Ke4 Kf6 41. Kf3 Kf5 42. Ke3 g5 43. Kf2 g4 44. h4 g3+ 45. Kf3 f6
46. Ke3 Kg4 47. Ke4 f5+ 48. Ke3 Kxh4 49. Kf3 Bb8 50. Ke3 Kg4 51. Ke2 h4 52. Kf1
h3 53. Kg1 hxg2 54. Kxg2 f4 55. Kf1 f3 56. Kg1 g2 57. Kf2 Ba7+ 0-1

[Event "ODJM A 2017"]
[Site "Willingen GER"]
[Date "2017.06.04"]
[Round "2"]
[White "Zha, Kevin"]
[Black "Jenner, Meikel"]
[Result "1/2-1/2"]
[Termination "normal"]
[Board "74"]
[WhiteElo "1591"]
[BlackElo "1464"]
[PlyCount "71"]
[WhiteFideId "16208951"]
[BlackFideId "16245342"]
[EventCountry "GER"]
[EventRounds "9"]
[EventType "swiss"]
[EventDate "2017.06.03"]

1. e4 Nf6 2. Nc3 d5 3. exd5 Nxd5 4. Nf3 Bg4 5. h3 Bh5 6. d4 e6 7. Bc4 Bb4 8.
Bd2 Nc6 9. a3 Ba5 10. Nxd5 Bxd2+ 11. Qxd2 exd5 12. Qe2+ Ne7 13. Bd3 O-O 14.
O-O-O Bg6 15. g4 Re8 16. Qd2 Bxd3 17. Qxd3 Ng6 18. h4 Re4 19. g5 Qd6 20. Rde1
Rae8 21. Rxe4 Rxe4 22. h5 Nf4 23. Qb5 Qb6 24. Qd7 Qc6 25. Qxc6 bxc6 26. c3 Re2
27. Ne5 Rxf2 28. Kb1 c5 29. dxc5 Re2 30. Nc6 Nd3 31. b4 Rb2+ 32. Ka1 Rc2 33.
Ne7+ Kf8 34. Nxd5 c6 35. Nc7 Rxc3 36. Ka2 1/2-1/2

[Event "ODJM A 2017"]
[Site "Willingen GER"]
[Date "2017.06.04"]
[Round "2"]
[White "von Freymann, Franz"]
[Black "Todua, Anastasia"]
[Result "1/2-1/2"]
[Termination "normal"]
[Board "75"]
[WhiteElo "1643"]
[BlackElo "1588"]
[PlyCount "79"]
[WhiteFideId "12994014"]
[BlackFideId "24174335"]
[EventCountry "GER"]
[EventRounds "9"]
[EventType "swiss"]
[EventDate "2017.06.03"]

1. d4 Nf6 2. c4 c5 3. d5 b5 4. b3 g6 5. Bb2 Bg7 6. Nd2 O-O 7. Ngf3 a6 8. g3 d6
9. Bg2 Bf5 10. O-O Qc8 11. Re1 Re8 12. e4 Nxe4 13. Bxg7 Nxd2 14. Qxd2 Kxg7 15.
Re3 Qc7 16. Rae1 Ra7 17. Nh4 Bc8 18. Re4 e5 19. Nf3 Nd7 20. Rh4 Nf8 21. Qh6+
Kg8 22. Ng5 f6 23. Ne4 Qe7 24. f4 Bf5 25. fxe5 fxe5 26. Bh3 Bxe4 27. Rexe4 Qg7
28. Qg5 Rf7 29. Rhf4 exf4 30. Rxe8 Qd4+ 31. Kg2 f3+ 32. Kf1 f2 33. Qc1 Qd3+ 34.
Re2 Re7 35. Qc2 Qxe2+ 36. Qxe2 Rxe2 37. Kxe2 Kf7 38. Kxf2 Kf6 39. Ke3 Ke5 40.
Bc8 1/2-1/2

[Event "ODJM A 2017"]
[Site "Willingen GER"]
[Date "2017.06.04"]
[Round "2"]
[White "Lilienthal, Niels Bennett"]
[Black "Wastian, Mareike"]
[Result "1-0"]
[Termination "normal"]
[Board "76"]
[WhiteElo "1567"]
[BlackElo "1711"]
[PlyCount "63"]
[WhiteFideId "16205421"]
[BlackFideId "12947423"]
[EventCountry "GER"]
[EventRounds "9"]
[EventType "swiss"]
[EventDate "2017.06.03"]

1. d4 d5 2. Nf3 Nf6 3. e3 c5 4. c3 Nbd7 5. Bd3 Qc7 6. O-O e5 7. dxe5 Nxe5 8.
Bb5+ Nc6 9. Nbd2 Bd6 10. h3 O-O 11. Re1 Bf5 12. Ba4 Rad8 13. Bc2 Bxc2 14. Qxc2
Rfe8 15. b3 b5 16. Bb2 Ne5 17. Nxe5 Bxe5 18. Nf3 Bd6 19. c4 dxc4 20. bxc4 b4
21. Bxf6 gxf6 22. Qf5 Qe7 23. Rad1 Be5 24. Qg4+ Kh8 25. Nh4 Rg8 26. Qh5 Qe6 27.
Nf5 Qc6 28. f3 Qc7 29. Nh6 Rxd1 30. Rxd1 Rg7 31. Qf5 Bd6 32. Rxd6 1-0

[Event "ODJM A 2017"]
[Site "Willingen GER"]
[Date "2017.06.04"]
[Round "2"]
[White "Seinsoth, Paul"]
[Black "Stockter, Jasper Enno"]
[Result "1-0"]
[Termination "normal"]
[Board "77"]
[WhiteElo "1455"]
[BlackElo "1559"]
[PlyCount "41"]
[WhiteFideId "12994634"]
[BlackFideId "12957291"]
[EventCountry "GER"]
[EventRounds "9"]
[EventType "swiss"]
[EventDate "2017.06.03"]

1. c4 Nf6 2. Nc3 g6 3. g3 Bg7 4. Bg2 O-O 5. Nf3 c6 6. O-O d5 7. cxd5 cxd5 8. d4
Nc6 9. Bf4 Qb6 10. b3 Rd8 11. Na4 Qa5 12. Ne5 Nxe5 13. dxe5 e6 14. Rc1 b6 15.
Nc3 Bb7 16. a4 a6 17. Na2 Rac8 18. Rxc8 Rxc8 19. b4 Rc1 20. bxa5 Rxd1 21. Rxd1
1-0

[Event "ODJM A 2017"]
[Site "Willingen GER"]
[Date "2017.06.04"]
[Round "2"]
[White "Böhlemann, Christian"]
[Black "Svane, Freja"]
[Result "1-0"]
[Termination "normal"]
[Board "78"]
[WhiteElo "1565"]
[BlackElo "1446"]
[PlyCount "37"]
[BlackFideId "12940100"]
[EventCountry "GER"]
[EventRounds "9"]
[EventType "swiss"]
[EventDate "2017.06.03"]

1. e4 e6 2. d4 d5 3. exd5 exd5 4. c4 Bb4+ 5. Nc3 Nf6 6. Nf3 Ne4 7. Qb3 Qe7 8.
Be3 c6 9. Be2 Be6 10. O-O Nf6 11. Bg5 Nbd7 12. cxd5 Bxd5 13. Nxd5 cxd5 14. Bb5
O-O 15. Bxd7 Qxd7 16. Qxb4 Ne4 17. Be3 Rac8 18. Rac1 Rc6 19. Ne5 1-0

[Event "ODJM A 2017"]
[Site "Willingen GER"]
[Date "2017.06.04"]
[Round "2"]
[White "Khanbekyan, Areg"]
[Black "Kistner, Sinan"]
[Result "0-1"]
[Termination "normal"]
[Board "79"]
[WhiteElo "1647"]
[BlackElo "1560"]
[PlyCount "104"]
[WhiteFideId "12993727"]
[BlackFideId "16219643"]
[EventCountry "GER"]
[EventRounds "9"]
[EventType "swiss"]
[EventDate "2017.06.03"]

1. e4 c6 2. d4 d5 3. exd5 cxd5 4. Bd3 Nc6 5. c4 Nf6 6. Bf4 Bg4 7. Qb3 Qd7 8.
Nd2 e6 9. Ngf3 Na5 10. Qc2 Bd6 11. Bxd6 Qxd6 12. Qa4+ Nc6 13. Ne5 O-O 14. f4
Bh5 15. O-O Ng4 16. Rae1 Ncxe5 17. fxe5 Qe7 18. h3 Nh6 19. Qc2 Bg6 20. Nb1 Bxd3
21. Qxd3 Nf5 22. Na3 Rac8 23. g4 Qg5 24. Kh2 Ne7 25. Nb5 a6 26. Nd6 Rc6 27. Rf2
b5 28. Ref1 f6 29. Qb3 Ng6 30. Qf3 h6 31. Qg3 fxe5 32. Rxf8+ Nxf8 33. dxe5 Ng6
34. Nf7 Qe7 35. Qf3 Rc7 36. Qe3 Qe8 37. Nd6 Qd8 38. Re1 Rd7 39. Kg2 Nxe5 40.
Qxe5 Rxd6 41. Kg3 Rc6 42. h4 Qd6 43. Kf4 Rxc4+ 44. Kf3 Qxe5 45. Rxe5 Kf7 46.
Re3 h5 47. gxh5 Rxh4 48. Kg3 Rxh5 49. Kg4 Rh2 50. Rf3+ Ke7 51. b3 Rxa2 52. Re3
Ra3 0-1

[Event "ODJM A 2017"]
[Site "Willingen GER"]
[Date "2017.06.04"]
[Round "2"]
[White "Grunert, Wilhelm"]
[Black "Unbehend, Marius"]
[Result "1-0"]
[Termination "normal"]
[Board "80"]
[WhiteElo "1584"]
[BlackElo "1391"]
[PlyCount "37"]
[WhiteFideId "12995673"]
[BlackFideId "16214420"]
[EventCountry "GER"]
[EventRounds "9"]
[EventType "swiss"]
[EventDate "2017.06.03"]

1. e4 e6 2. d4 d5 3. Nd2 Nf6 4. e5 Nfd7 5. Bd3 c5 6. c3 Nc6 7. Ne2 cxd4 8. cxd4
f6 9. Nf4 Nxd4 10. Qh5+ Ke7 11. Ng6+ hxg6 12. exf6+ gxf6 13. Qxh8 Ne5 14. Qh7+
Kd6 15. Bxg6 Nxg6 16. Qxg6 Qc7 17. O-O Be7 18. b3 Bd7 19. Ba3+ 1-0